Words in CamelCase Quiz Stats

Quiz not verified by Sporcle

Challenge
Share
Tweet
Embed
Score 0/24 Timer 06:00
0 Plays Today
Description Word % Correct
Microsoft Office's presentation software; synonymous with computer slideshowsMicrosoft PowerPoint
87.5%
Animated television series taking place in Bikini BottomSpongeBob SquarePants
87.5%
Fifth-generation video game console by SonyPlayStation
75%
Video hosting website owned by GoogleYouTube
75%
Game Boy Advance remakes of the first two Pokémon gamesPokémon FireRed and LeafGreen
75%
English power metal band known for 'Through the Fire and Flames'DragonForce
62.5%
Sixth-generation video game console by NintendoNintendo GameCube
62.5%
Brand synonymous with artificial grassAstroTurf
62.5%
Popular social networking website owned by News CorporationMySpace
50%
ESPN's flagship sports news showSportsCenter
50%
Oil and gas corporation descended from Standard OilExxonMobil
50%
Logistics and shipping company based in the United StatesFedEx
50%
Description Word % Correct
Professional wrestling show for World Wrestling EntertainmentWWE SmackDown
50%
Object-oriented programming language frequently implemented in web browsersJavaScript
37.5%
Multinational corporation and its brand of debit and credit cardsMasterCard
37.5%
Brand of laser printers marketed by Hewlett-PackardLaserJet
37.5%
Hip hop collaboration between André 3000 and Big BoiOutKast
37.5%
Chain of electronics retail storesRadioShack
37.5%
Brand of smartphones designed by Research in MotionBlackBerry
37.5%
Brand of digital television recorderTiVo
25%
Low-cost airline based in the United StatesJetBlue
25%
E-commerce business that is a subsidiary of eBayPayPal
25%
Swedish power metal band from GothenburgHammerFall
12.5%
Major commercial online service that competed with AOLCompuServe
12.5%

You're not logged in!

Compare scores with friends on all Sporcle quizzes.
Sign Up with Email
OR
Log In

You Might Also Like...

Show Comments

Extras

Top Quizzes Today


Score Distribution

Your Account Isn't Verified!

In order to create a playlist on Sporcle, you need to verify the email address you used during registration. Go to your Sporcle Settings to finish the process.